000 00583nam a2200169Ia 4500
008 090711s9999 xx 000 0 und d
082 _b55
100 _aअभ्यंकर सुरेश
245 _aआदर्श विक्रेता
260 _bकॉन्टीनेन्टल प्रकाशन
_c1999
300 _a86
600 _aअभ्यंकर सुरेश
630 _aआदर्श विक्रेता
700 _aअभ्यंकर सुरेश
730 _aआदर्श विक्रेता
942 _cBOOK
999 _c334920
_d334920